000 00474nam a2200181Ia 4500
008 240925s9999 xx 000 0 und d
020 _a71179267
082 _a004 WIL
100 _aWilliams , Sawyer
245 0 _aUsing Information Technology
250 _a4th
260 _aNew York:
_bMc Graw HIll
_c,2001.
300 _a606p.
_bNA
_fPhotocopy
500 _aNA
600 _aComputer Science
650 _aComputer science, information & general works
942 _cBK
999 _c7299
_d7299